US State Capitals Empty Map Quiz - Statistics

General Stats
  • This quiz has been taken 79 times
  • The average score is 29 of 48
Answers on the Map
Answers color-coded by a green-red scale on the quiz's map according to % correct below.
 
Answer Stats
Answer % Correct
Sacramento
89%
Salem
87%
Carson City
85%
Olympia
85%
Austin
80%
Phoenix
80%
Boise
76%
Helena
76%
Santa Fe
73%
Bismarck
69%
Oklahoma City
69%
Saint Paul
69%
Pierre
67%
Baton Rouge
65%
Denver
65%
Salt Lake City
65%
Cheyenne
64%
Madison
64%
Atlanta
62%
Tallahassee
62%
Lincoln
60%
Des Moines
58%
Montgomery
58%
Augusta
56%
Boston
56%
Jackson
56%
Springfield
56%
Topeka
56%
Columbus
55%
Little Rock
55%
Nashville
55%
Albany
53%
Jefferson City
53%
Charleston
51%
Frankfort
51%
Indianapolis
51%
Lansing
51%
Hartford
49%
Montpelier
49%
Annapolis
47%
Concord
47%
Harrisburg
47%
Providence
47%
Raleigh
47%
Columbia
45%
Richmond
45%
Trenton
45%
Dover
42%
No matching quizzes found
Score Distribution
Percent of People with Each Score
Percentile by Number Answered
Your Score History
You have not taken this quiz